Ο μικρός Νικόλας : το κόκκινο μπαλόνι και α΄λλες ανέκδοτες ιστορίες με έγχρωμα σκίτσα

Αποθηκεύτηκε σε:
Λεπτομέρειες βιβλιογραφικής εγγραφής
Κύριοι συγγραφείς: Goscinny, 1926-1977, Sempe, 1932- (Συγγραφέας)
Άλλοι συγγραφείς: Κολαΐτη, Ρίτα (trlf)
Μορφή: Βιβλίο
Γλώσσα:Greek
French
Δημοσίευση: Αθήνα : Σύγχρονοι Ορίζοντες, c2009.
Θέματα:
Ετικέτες: Προσθήκη ετικέτας
Δεν υπάρχουν, Καταχωρήστε ετικέτα πρώτοι!

MARC

LEADER 00000nam a2200000 a 4500
001 1/127407
008 231004t2009####gr | ||| |||| ||gre||
020 |a 9789603982869 
040 |a GR-MyUa  |b gre  |c GR-MyUa  |e AACR2 
041 1 |a gre  |h fre 
082 7 |a 808.0683   |2 (23) 
100 1 |a Goscinny,   |d 1926-1977. 
245 1 2 |a Ο μικρός Νικόλας :   |b το κόκκινο μπαλόνι και α΄λλες ανέκδοτες ιστορίες με έγχρωμα σκίτσα /   |c μετάφραση Ρίτα Κολαϊτη.  
260 |a Αθήνα :   |b Σύγχρονοι Ορίζοντες,   |c c2009.  
300 |a 159, [6] σ. :   |b έγχ. εικ. ;   |c 26 εκ.  
500 |a Τίτλος πρωτοτύπου: Le ballon et autres histores inedites.  
650 0 |a Children's stories, French  |z Greece. 
650 0 |a Children's literature, French  |z Greece. 
700 1 |a Sempe,   |d 1932-  |e aut 
700 1 |a Κολαΐτη, Ρίτα,  |e trlf 
852 |a INST  |b SAMOS  |e 20231004  |h 808.0683 GOS  |p 005300047730  |q 005300047730  |t BK  |y 0 
970 |a Φιλιππή  |b Φάλη  |z 04-10-2023